|
|
|
|
| LEADER |
00000nam0a2200000 4500 |
| 001 |
193038 |
| 005 |
20231101224446.0 |
| 010 |
|
|
|a 9785276019260
|
| 035 |
|
|
|a (RuTPU)RU\TPU\book\210469
|
| 090 |
|
|
|a 193038
|
| 100 |
|
|
|a 20110314d2011 m y0rusy50 ca
|
| 101 |
0 |
|
|a rus
|
| 102 |
|
|
|a RU
|
| 105 |
|
|
|a a j 001zy
|
| 200 |
1 |
|
|a Расчет и проектирование узлов и деталей машин
|e учебное пособие
|f В. Г. Клоков, В. В. Ужва
|g Московский государственный индустриальный университет (МГИУ)
|
| 210 |
|
|
|a Москва
|c Изд-во МГИУ
|d 2011
|
| 215 |
|
|
|a 195 с.
|c ил.
|
| 320 |
|
|
|a Библиогр.: с. 194.
|
| 330 |
|
|
|a В учебном пособии изложены теоретические основы инженерных методов расчета деталей и узлов машин общего машиностроения: зубчатых, червячных, ременных, цепных, фрикционных, волновых передач; валов и осей, подшипников, муфт приводов, разъемных и неразъемных соединений. Пособие предназначено для студентов технических специальностей, изучающих курс «Детали машин и основы конструирования».
|
| 606 |
1 |
|
|a Детали машин
|x Проектирование
|2 stltpush
|3 (RuTPU)RU\TPU\subj\9172
|9 36450
|
| 610 |
1 |
|
|a зубчатые передачи
|
| 610 |
1 |
|
|a червячные передачи
|
| 610 |
1 |
|
|a валы
|
| 610 |
1 |
|
|a подшипники
|
| 610 |
1 |
|
|a муфты
|
| 610 |
1 |
|
|a ременные передачи
|
| 610 |
1 |
|
|a цепные передачи
|
| 610 |
1 |
|
|a фрикционные передачи
|
| 610 |
1 |
|
|a расчет
|
| 610 |
1 |
|
|a шпоночные соединения
|
| 610 |
1 |
|
|a шлицевые соединения
|
| 610 |
1 |
|
|a резьбовые соединения
|
| 610 |
1 |
|
|a сварные соединения
|
| 610 |
1 |
|
|a заклепочные соединения
|
| 610 |
1 |
|
|a учебные пособия
|
| 675 |
|
|
|a 621.81.001.63(075.8)
|v 3
|
| 700 |
|
1 |
|a Клоков
|b В. Г.
|g Виктор Георгиевич
|
| 701 |
|
1 |
|a Ужва
|b В. В.
|g Владимир Васильевич
|
| 712 |
0 |
2 |
|a Московский государственный индустриальный университет (МГИУ)
|2 stltpush
|3 (RuTPU)RU\TPU\col\11073
|
| 801 |
|
1 |
|a RU
|b 63413507
|c 20110314
|
| 801 |
|
2 |
|a RU
|b 63413507
|c 20131219
|g RCR
|
| 900 |
|
|
|a Расчет и конструирование технологического оборудования
|
| 900 |
|
|
|a Детали машин и основы конструирования
|
| 942 |
|
|
|c BK
|
| 959 |
|
|
|a 30/20110311
|d 1
|e 140,00
|f ЧЗТЛ:1
|